000 00657cam a22002173a 4500
001 42366
003 PGUSA
005 20140828083947.0
008 130318s2013||||xxu|||||s|||||000 | eng d
040 _aPGUSA
_beng
042 _adc
100 1 _aBurnett, Frances Hodgson,
_d1849-1924
245 1 4 _aThe Cozy Lion :
_bAs Told by Queen Crosspatch
_h[electronic resource] /
_cFrances Hodgson Burnett
260 _bProject Gutenberg,
_c2013
506 _aPublic domain in the USA.
516 _aElectronic text
700 1 _aCady, Harrison,
_d1877-1970
830 0 _aProject Gutenberg
_v42366
856 4 0 _uhttp://www.gutenberg.org/ebooks/42366
942 _cEB
999 _c271618
_d271618